000 00884cab a2200277 4500
001 ABS59974
008 090401t1999 xxu||||| |||| 00| 0 eng d
035 _a(Sirsi) u90767
041 _aeng
100 _aYamada, Y.
245 _aAffordability crises in housing in Britain and Japan
260 _c1999
350 _a0
490 _aHousing Studies
_v14(1) January 1999, 99-110(7)
520 _aDiscusses the extent to which affordability problems in housing are the result of the commodification process of land: compares the situation in Britain and Japan. References.
650 _aAFFORDABILITY
650 _aBRITAIN
650 _aHOME OWNERSHIP
650 _aHOUSING PROBLEMS
650 _aHOUSING
650 _aJAPAN
650 _aLAND OWNERSHIP
690 _aPROPERTY-RESIDENTIAL PROPERTY-RESIDENTIAL PROPERTY MARKET
942 _n0
948 _c19/01/1999
999 _c57561
_d57561